O jaką piosenkę sabatonu chodzi? - Statystyki

Ogólne statystyki
  • Ten quiz został rozwiązany 179 razy
  • Średni wynik to 10 z 16
Statystyki odpowiedzi
Opis Tytuł % Poprawnych
Przewaga Niemców nad Polakami czterdziestokrotnie 40:1
96%
Powstanie w Warszawie Uprising
96%
Zatopiony Niemiecki statek Bismarck
90%
Piosenka o husarii Winged Hussars
87%
Piosenka o obrońcach stolicy chrześcijaństwa The Last Stand
78%
Walka pod Termopilami Sparta
72%
Wojna w Japonii o władze Shiroyama
69%
Piosenka o pułku złożony załóg samych kobiet Night Witches
66%
W głąb naszej ojczyzny nieprzyjaciel idzie Panzerkampf
63%
Bitwa o Anglie Aces in Exile
55%
Piosenka o Pileckim Inmate 4859
55%
Starcie Szwedów z Rosjanami Poltava
48%
Status Que nagrał to wcześniej In The Army Now
43%
Okrążeni Amerykanie przez Niemców podczas I wojny światowej The Lost Battalion
42%
Marzenia tam znikają a osoba w proch się obruci The Final Solution
36%
Piosenka o Karelu Janousku Far From the Fame
29%
Nie znaleziono quizów pasujących do podanych kryteriów
Rozkład punktacji
Procent ludzi z każdym wynikiem
Percentyl według liczby udzielonych odpowiedzi
Twoja historia wyników
Nie rozwiązałeś tego quizu